Encyclopedia Americana : 1907-1912 - (Record no. 42836)

MARC details
000 -LEADER
fixed length control field 00642nam a2200229 i 4500
001 - CONTROL NUMBER
control field C2-0136186
003 - CONTROL NUMBER IDENTIFIER
control field PPAK
005 - DATE AND TIME OF LATEST TRANSACTION
control field 20180727124138.0
008 - FIXED-LENGTH DATA ELEMENTS--GENERAL INFORMATION
fixed length control field 971213s1975 nyua|||| ||||| | eng d
020 ## - INTERNATIONAL STANDARD BOOK NUMBER
International Standard Book Number 0717201066
040 ## - CATALOGING SOURCE
Original cataloging agency PPAK
Language of cataloging eng
Transcribing agency PPAK
Description conventions rda
082 04 - DEWEY DECIMAL CLASSIFICATION NUMBER
Classification number 032
Edition number 23
090 00 - LOCALLY ASSIGNED LC-TYPE CALL NUMBER (OCLC); LOCAL CALL NUMBER (RLIN)
Classification number (OCLC) (R) ; Classification number, CALL (RLIN) (NR) 032
Feature heading ENC
Feature heading R
245 00 - TITLE STATEMENT
Title Encyclopedia Americana : 1907-1912 -
264 #1 - PRODUCTION, PUBLICATION, DISTRIBUTION, MANUFACTURE, AND COPYRIGHT NOTICE
Place of production, publication, distribution, manufacture New York :
Name of producer, publisher, distributor, manufacturer Americana Corporation ,
Date of production, publication, distribution, manufacture, or copyright notice 1975
300 ## - PHYSICAL DESCRIPTION
Extent 857 pages. :
Other physical details colour illustrations ;
Dimensions 25 cm
336 ## - CONTENT TYPE
Source rdacontent
Content type term text
337 ## - MEDIA TYPE
Source rdamedia
Media type term unmediated
338 ## - CARRIER TYPE
Source rdacarrier
Carrier type term volume
650 10 - SUBJECT ADDED ENTRY--TOPICAL TERM
Topical term or geographic name entry element Encyclopedias and dictionaries
942 ## - ADDED ENTRY ELEMENTS (KOHA)
-- dc
Koha item type Book
Holdings
Withdrawn Not for loan Current library Shelving location Date acquired Serial Enumeration / chronology Full call number Barcode Date last seen Koha item type
  Not For Loan Perpustakaan Alor Setar Rujukan Dewasa 13/12/1997 Volume 11 R 032 ENC A00100994 08/05/2018 Book
  Not For Loan Perpustakaan Alor Setar Rujukan Dewasa 13/12/1997 Volume 2 R 032 ENC A00100985 11/07/2019 Book
  Not For Loan Perpustakaan Alor Setar Rujukan Dewasa 13/12/1997 Volume 1 R 032 ENC A00100984 11/07/2019 Book
  Not For Loan Perpustakaan Alor Setar Rujukan Dewasa 13/12/1997 Volume 3 R 032 ENC A00100986 11/07/2019 Book
  Not For Loan Perpustakaan Alor Setar Rujukan Dewasa 13/12/1997 Volume 4 R 032 ENC A00100987 11/07/2019 Book
  Not For Loan Perpustakaan Alor Setar Rujukan Dewasa 13/12/1997 Volume 5 R 032 ENC A00100988 11/07/2019 Book
  Not For Loan Perpustakaan Alor Setar Rujukan Dewasa 13/12/1997 Volume 6 R 032 ENC A00100989 11/07/2019 Book
  Not For Loan Perpustakaan Alor Setar Rujukan Dewasa 13/12/1997 Volume 7 R 032 ENC A00100990 11/07/2019 Book
  Not For Loan Perpustakaan Alor Setar Rujukan Dewasa 13/12/1997 Volume 8 R 032 ENC A00100991 11/07/2019 Book
  Not For Loan Perpustakaan Alor Setar Rujukan Dewasa 13/12/1997 Volume 9 R 032 ENC A00100992 11/07/2019 Book
  Not For Loan Perpustakaan Alor Setar Rujukan Dewasa 13/12/1997 Volume 12 R 032 ENC A00100995 11/07/2019 Book
  Not For Loan Perpustakaan Alor Setar Rujukan Dewasa 13/12/1997 Volume 10 R 032 ENC A00100993 11/07/2019 Book
  Not For Loan Perpustakaan Alor Setar Rujukan Dewasa 13/12/1997 Volume 13 R 032 ENC A00100996 11/07/2019 Book
  Not For Loan Perpustakaan Alor Setar Rujukan Dewasa 13/12/1997 Volume 14 R 032 ENC A00100997 11/07/2019 Book
  Not For Loan Perpustakaan Alor Setar Rujukan Dewasa 13/12/1997 Volume 15 R 032 ENC A00100998 11/07/2019 Book
  Not For Loan Perpustakaan Alor Setar Rujukan Dewasa 13/12/1997 Volume 16 R 032 ENC A00101121 11/07/2019 Book
  Not For Loan Perpustakaan Alor Setar Rujukan Dewasa 13/12/1997 Volume 17 R 032 ENC A00101122 11/07/2019 Book
  Not For Loan Perpustakaan Alor Setar Rujukan Dewasa 13/12/1997 Volume 18 R 032 ENC A00101123 11/07/2019 Book
  Not For Loan Perpustakaan Alor Setar Rujukan Dewasa 13/12/1997 Volume 19 R 032 ENC A00101124 11/07/2019 Book
  Not For Loan Perpustakaan Alor Setar Rujukan Dewasa 13/12/1997 Volume 20 R 032 ENC A00101125 11/07/2019 Book
  Not For Loan Perpustakaan Alor Setar Rujukan Dewasa 13/12/1997 Volume 21 R 032 ENC A00101126 11/07/2019 Book
  Not For Loan Perpustakaan Alor Setar Rujukan Dewasa 13/12/1997 Volume 22 R 032 ENC A00101127 11/07/2019 Book
  Not For Loan Perpustakaan Alor Setar Rujukan Dewasa 13/12/1997 Volume 23 R 032 ENC A00101128 11/07/2019 Book
  Not For Loan Perpustakaan Alor Setar Rujukan Dewasa 13/12/1997 Volume 24 R 032 ENC A00101129 11/07/2019 Book
  Not For Loan Perpustakaan Alor Setar Rujukan Dewasa 13/12/1997 Volume 25 R 032 ENC A00101130 11/07/2019 Book
  Not For Loan Perpustakaan Alor Setar Rujukan Dewasa 13/12/1997 Volume 26 R 032 ENC A00101131 11/07/2019 Book
  Not For Loan Perpustakaan Alor Setar Rujukan Dewasa 13/12/1997 Volume 27 R 032 ENC A00101132 11/07/2019 Book
  Not For Loan Perpustakaan Alor Setar Rujukan Dewasa 13/12/1997 Volume 28 R 032 ENC A00101133 11/07/2019 Book
  Not For Loan Perpustakaan Alor Setar Rujukan Dewasa 13/12/1997 Volume 29 R 032 ENC A00101134 11/07/2019 Book
  Not For Loan Perpustakaan Alor Setar Rujukan Dewasa 13/12/1997 Volume 30 R 032 ENC A00101135 11/07/2019 Book